000 00365nam a2200145Ia 4500
005 20260328104313.0
008 260328s9999||||xx |||||||||||||| ||und||
100 _aAgrawal, Roma
245 4 _aThe Hidden stories behind our Structures built /
_cRoma Agrawal
250 _a5a ed.
260 _bBloomsbury
300 _a2018 p.
650 _aURBANISMO
942 _cBK
999 _c11058
_d11058